00975nam a2200241 a 450000100100000000500170001000800410002704000250006808200240009310000360011724500420015325000120019526000460020730000210025349000280027450400250030259000760032765000400040383000340044391000370047795202020051499900170071600003469720200930073839.0111019s1970 fr 000 0 fre d aDO-SdBNPbspacBNPHU a149.96bP579s, 19701 aPiaget, Jean,d1896-198094035013aLe structuralisme /cpar Jean Piaget. a4a. ed. aParis :bUniversitaires de France,c1970. a125 p. ;c18 cm.0 aQue sais-je? ;vno 1311 aBibliografia: p. 127 aPerteneció a la biblioteca personal de Juan Isidro Jimenes Grullón.24aEstructuralismo (filosofía)95314 0aQue sais-je?nno. 1311960142 aValidado. Control de calidad MFF 001052708MOaGRbGRcHDd2011-10-19iLF1l0o149.96 P579s, 1970p34697-10r2020-06-25w2020-06-25y2zPerteneció a la biblioteca personal de Juan Isidro Jiménes GrullónZPréstamo interno c34188d34188